书目信息 |
| 题名: |
神火
|
|
| 作者: | 胡奇 著 | |
| 分册: | ||
| 出版信息: | 北京 人民文学出版社 1978 |
|
| 页数: | 389页 | |
| 开本: | 19cm | |
| 丛书名: | ||
| 单 册: | ||
| 中图分类: | I287.47 | |
| 科图分类: | ||
| 主题词: | 儿童文学-短篇小说--中国--现代--选集 , 短篇小说-儿童文学--中国--现代--选集 | |
| 电子资源: | ||
| ISBN: | ||
| 000 | 00613nam0 2200229 45 | |
| 001 | 0178003043 | |
| 005 | 20060718162602.95 | |
| 010 | @d¥0.85 | |
| 091 | @aCN@b10019.2637 | |
| 100 | @a19950721d1978 am y0chiy0121 ea | |
| 101 | 0 | @achi |
| 102 | @aCN@b110000 | |
| 105 | @af z 000fy | |
| 200 | 10 | @a神火@Ashen huo@f胡奇著 |
| 210 | @a北京@c人民文学出版社@d1978 | |
| 215 | @a389页@c插图@d19cm | |
| 606 | @a儿童文学-短篇小说@y中国@z现代@x选集 | |
| 606 | @a短篇小说-儿童文学@y中国@z现代@x选集 | |
| 690 | @aI287.47@v3 | |
| 701 | 0 | @a胡奇@Ahu qi@4著 |
| 801 | 0 | @aCN@bTSSF@c20060718 |
| 905 | @a10447@dI287.47@e217 | |
| 神火/胡奇著.-北京:人民文学出版社,1978 |
| 389页:插图;19cm |
| ISBN :¥0.85 |
| ● |
| 相关链接 |
|
|
|
|
正题名:神火
索取号:I287.47/217
 
预约/预借
| 序号 | 登录号 | 条形码 | 馆藏地/架位号 | 状态 | 备注 |
| 1 | 0427341 | 204273419 | 密集书库/ [索取号:I287.47/217] | 在馆 |